| 000 | 00589nam a2200193 i 4500 | ||
|---|---|---|---|
| 001 | 20398 | ||
| 003 | ES-MaACL | ||
| 005 | 20250618142640.0 | ||
| 007 | t| | ||
| 008 | 021112s1954 sp af |||| |bspa d | ||
| 080 | _a75Tintoretto | ||
| 100 | 1 |
_aAguilera, Emiliano M. _918758 |
|
| 245 | 1 | 0 |
_aTintoretto _b: su vida, su obra , su arte / _cEmiliano M. Aguilera. |
| 260 |
_aBarcelona : _bIberia, _c1954 ( _fTall. Gráfs. Agustín Núñez) |
||
| 300 |
_a29 p., 24 lám. ; _c28 cm. |
||
| 600 | 1 | 7 |
_aTintoretto, _d1518-1594 _2 _9139963 |
| 852 |
_aES-MaACL _j1964-F-10 |
||
| 999 |
_c20398 _d20398 |
||